000 00719nam a22002057a 4500
003 OSt
005 20251120103006.0
008 251120b |||||||| |||| 00| 0 eng d
020 _a0-7216-5922-5
040 _aDWC-Main lib
_cOC
082 _aCirc. 616.07 J38 1996
100 _aJarvis, C.
245 _aPhysical examination and health assessment
_cJarvis, C.
260 _a[S.l.] :
_bSaunders Company, Inc.,
_c c1996
300 _axx, 937 pages :
_bcolored illustration ;
_c28 cm.
504 _aIncludes bibliographical references and index
650 _2Nursing assessment
650 _2Physical diagnosis
942 _2ddc
_cBK-CIRC
_e2nd edition
_hCirc. 616.07 J38 1996
_kCirc.
_n0
999 _c5856
_d5856